[Event "4NCL"]
[Site "West Bromwich ENG"]
[Date "2004.03.21"]
[Round "6"]
[White "Howell,D"]
[Black "Berry,N"]
[Result "1/2-1/2"]
[WhiteElo "2304"]
[BlackElo "2285"]

1.e4 e6 2.d4 d5 3.Nd2 Be7 4.Ngf3 Nf6 5.Bd3 c5 6.dxc5 dxe4 7.Nxe4 Nxe4 8.Bxe4 Qxd1+
9.Kxd1 Bxc5 10.Ke2 Nd7 11.a3 e5 12.b4 Be7 13.Bb2 f6 14.c4 Nb6 15.Rac1 f5
16.Bb1 e4 17.Nd4 Bd7 18.Nb5 O-O 19.Ba2 Kh8 20.Rhd1 a6 21.Nd6 Ba4 22.c5 Bxd1+
23.Rxd1 Na4 24.Be5 Bf6 25.Bxf6 Rxf6 26.Rc1 b6 27.Nf7+ Kg8 28.Ne5+ Kh8 29.Nf7+ Kg8
30.Ne5+ Kh8 31.Nf7+  1/2-1/2

[Event "5th ch-EURw"]
[Site "Dresden GER"]
[Date "2004.03.23"]
[Round "3"]
[White "Zimina,O"]
[Black "Aginian,N"]
[Result "0-1"]
[WhiteElo "2408"]
[BlackElo "2189"]

1.e4 e6 2.d4 d5 3.Nd2 Be7 4.Ngf3 Nf6 5.Bd3 c5 6.exd5 Qxd5 7.dxc5 Nbd7 8.b4 a5
9.Bc4 Qh5 10.c3 Nd5 11.Bxd5 Qxd5 12.Bb2 axb4 13.cxb4 Rxa2 14.Rxa2 Qxa2 15.Qc1 O-O
16.O-O Bf6 17.Bxf6 Nxf6 18.b5 Qd5 19.Qc4 Bd7 20.Qxd5 Nxd5 21.Nd4 e5 22.c6 exd4
23.cxd7 Rd8 24.Nf3 Rxd7 25.Nxd4 Nc3 26.Re1 g6 27.Nb3 Nxb5 28.g4 Kg7 29.Kg2 b6
30.Re3 Rd1 31.Re7 Rd3 32.Nc1 Rd4 33.h3 Nc3 34.Rc7 Ne4 35.Rb7 Rd2 36.Rxb6 Rxf2+
37.Kg1 Rd2 38.Rc6 Nf2 39.Rc3 Nxh3+ 40.Rxh3 Rd1+ 41.Kg2 Rxc1 42.Ra3 Rc5 43.Ra7 h5
44.gxh5 Rxh5 45.Kg3 Rf5 46.Kg4 Rf6 47.Kg5 Rf5+ 48.Kg4 Kh6 49.Rb7 Rf1 50.Rb8 f5+
51.Kh4 Rf4+ 52.Kg3 Ra4 53.Rb5 Kg5 54.Rb3 Rg4+ 55.Kf3 Rh4 56.Kg2 f4 57.Rb6 Kf5
58.Ra6 g5 59.Ra5+ Kg4 60.Rb5 Rh8 61.Rc5 Re8 62.Rc2 f3+ 63.Kf1 Kg3 64.Rc5 g4
65.Rc3 Ra8 66.Rc1 Rh8 67.Kg1 f2+  0-1

[Event "IV Open"]
[Site "Dos Hermanas ESP"]
[Date "2004.03.30"]
[Round "6"]
[White "Khamrakulov,I"]
[Black "Moreno Carnero,J"]
[Result "0-1"]
[WhiteElo "2452"]
[BlackElo "2525"]

1.e4 e6 2.d4 d5 3.Nd2 Be7 4.Bd3 c5 5.dxc5 Nf6 6.Qe2 Nc6 7.c3 O-O 8.Ngf3 a5
9.O-O Nd7 10.exd5 exd5 11.Bc2 g6 12.Rd1 a4 13.b4 axb3 14.Nxb3 Nxc5 15.Bh6 Re8
16.Qb5 Na4 17.Rxd5 Qc7 18.Qd3 Be6 19.Rb5 Bf6 20.Nfd4 Nxd4 21.cxd4 Bc4 22.Qf3 Qe7
23.Bd3 Bxb5 24.Bxb5 Red8 25.Kf1 Bg5 26.Bxg5 Qxg5 27.Bc4 Rd7 28.Re1 Nb6 29.Re5 Qd8
30.Bb5 Re7 31.Qe2 Rxe5 32.Qxe5 Rxa2 33.Nc5 Ra1+ 34.Ke2 Ra2+ 35.Kf1 Qd5 36.Qxd5 Nxd5
37.Bc4 Ra1+ 38.Ke2 b6 39.Bxd5 bxc5 40.dxc5 Ra5 41.h4 Rxc5 42.Bb7 Kg7 43.g3 Kf6
44.Ke3 Ke5 45.Bg2 Rc3+ 46.Ke2 f5 47.Bf3 h5 48.Bb7 f4 49.gxf4+ Kxf4 50.f3 Rb3
51.Bc6 Rb2+ 52.Ke1 Kg3  0-1

[Event "5th ch-EURw"]
[Site "Dresden GER"]
[Date "2004.03.30"]
[Round "9"]
[White "Zimina,O"]
[Black "Mkrtchian,L"]
[Result "1-0"]
[WhiteElo "2408"]
[BlackElo "2395"]

1.e4 e6 2.d4 d5 3.Nd2 Be7 4.Ngf3 Nf6 5.Bd3 c5 6.exd5 Qxd5 7.dxc5 Nbd7 8.b4 a5
9.Bc4 Qh5 10.c3 Nd5 11.Bxd5 Qxd5 12.Bb2 axb4 13.cxb4 Rxa2 14.Rxa2 Qxa2 15.Qc1 O-O
16.O-O Rd8 17.Ne4 Qb3 18.c6 Nb6 19.Nc5 Qd5 20.c7 Re8 21.Ne5 f6 22.Rd1 Qa2
23.Ned7 Nd5 24.Rd3 b6 25.Ra3 Nf4 26.Rxa2 Ne2+ 27.Kf1 Nxc1 28.Bxc1 bxc5 29.Nb6 Bd6
30.Ra8 Bxc7 31.Nxc8 cxb4 32.Ne7+ Kf7 33.Rxe8 Kxe8 34.Nc6 Bd6 35.Bd2 b3 36.Bc1 Bf4
37.Bb2 Bc7 38.Nd4 Be5 39.Ke2 h5 40.g3 g5 41.Kd3 Kf7 42.Kc4 g4 43.Kxb3 Bd6
44.Kc4 Be7 45.Nb5 Bd8 46.Kd3 e5 47.Na3 Ke6 48.Nc4 Bc7 49.Bc3 f5 50.Ba5 Bb8
51.Bb6 Kd5 52.Ne3+ Ke6 53.Nc2 Bd6 54.Ne3 Be7 55.Bc7 h4 56.Nc4 hxg3 57.hxg3 Bf6
58.Ke3 Kd5 59.Nd2 Bg5+ 60.Kd3 Bf6 61.Nf1 Bg5 62.Ne3+ Ke6 63.Ng2 Bf6 64.Kc4 Bg5
65.Ne3 Bf6 66.Nd5 Bg5 67.Kc5 Bh6 68.Kc6 Bg5 69.Bd6 Bd2 70.Nc7+ Kf6 71.Kd5 e4
72.Be5+ Kg6 73.Kd4 Be1 74.Ke3 Bb4 75.Ne6 Ba3 76.Nf4+ Kf7 77.Ne2 Bb4 78.Kf4 Kg6
79.Bd4 Bd6+ 80.Ke3 Ba3 81.Ba7 Bb2 82.Kd2 Be5 83.Bd4 Bc7 84.Kc3 Kg5 85.Kc4 Kg6
86.Kd5 Kf7 87.Nf4 Ke7 88.Ng6+ Kf7 89.Ne5+ Ke7 90.Ng6+ Kf7 91.Nh4 f4 92.gxf4 Bxf4
93.Kxe4 Bc7 94.Kf5 g3 95.f3 Bd8 96.Ng2  1-0

[Event "5th ch-EURw"]
[Site "Dresden GER"]
[Date "2004.03.30"]
[Round "9"]
[White "Levushkina,E"]
[Black "Aginian,N"]
[Result "0-1"]
[WhiteElo "2303"]
[BlackElo "2189"]

1.e4 e6 2.d4 d5 3.Nd2 Be7 4.Bd3 c5 5.dxc5 Nf6 6.Qe2 O-O 7.Ngf3 a5 8.O-O Na6
9.exd5 exd5 10.Nb3 a4 11.Nbd4 Nxc5 12.Bf5 Re8 13.c3 Nfe4 14.Qc2 Bf6 15.Bxc8 Qxc8
16.Nb5 Qd7 17.Na3 b5 18.Be3 Rec8 19.Rad1 Rab8 20.Nd2 Qc6 21.Nxe4 Nxe4 22.Qd3 b4
23.cxb4 Bxb2 24.b5 Qc3 25.Qxc3 Nxc3  0-1

[Event "5th ch-EURw"]
[Site "Dresden GER"]
[Date "2004.03.30"]
[Round "9"]
[White "Von Herman,B"]
[Black "Hielscher,U"]
[Result "1-0"]
[WhiteElo "2066"]
[BlackElo "1974"]

1.e4 e6 2.d4 d5 3.Nd2 Be7 4.Bd3 Nf6 5.e5 Nfd7 6.f4 c5 7.c3 Nc6 8.Ndf3 cxd4
9.cxd4 Qb6 10.Ne2 Bb4+ 11.Bd2 Bxd2+ 12.Qxd2 Qb4 13.O-O Qxd2 14.Nxd2 Nb4 15.Bb1 Nb6
16.a3 Na6 17.Bd3 Bd7 18.Bxa6 bxa6 19.Rfc1 Rc8 20.Rxc8+ Nxc8 21.Nb3 Nb6 22.Nc5 Na4
23.b3 Nxc5 24.dxc5 Bb5 25.Nd4 Kd7 26.Kf2 Rb8 27.Ke3 Bc6 28.Rc1 Kc7 29.g4 g6
30.h4 h6 31.Rg1 Rg8 32.Rg3 Bd7 33.a4 Rb8 34.h5 Rc8 35.hxg6 fxg6 36.Rh3 Rh8
37.Rh2 h5 38.gxh5 Rxh5 39.Rxh5 gxh5 40.Kf3 a5 41.Kg3 Be8 42.Nxe6+ Kc6 43.f5 d4
44.Nxd4+ Kxc5 45.Nc2 Kd5 46.Kf4 h4 47.e6 h3 48.Ne3+ Kd4 49.Kg3 Ke5 50.Kxh3 Kf6
51.Kg4 Bc6 52.Kf4 Bb7 53.Ng4+ Ke7 54.Ke5 Bc8 55.f6+ Ke8 56.Kd6 a6 57.Ne5  1-0

[Event "5th ch-EURw"]
[Site "Dresden GER"]
[Date "2004.03.30"]
[Round "9"]
[White "Topel,Z"]
[Black "Richards,H"]
[Result "0-1"]
[WhiteElo "2056"]
[BlackElo "2236"]

1.e4 e6 2.d4 d5 3.Nd2 Be7 4.Ngf3 Nf6 5.Bd3 c5 6.exd5 Qxd5 7.dxc5 Nc6 8.O-O O-O
9.Nb3 a5 10.a4 e5 11.Bb5 Qe6 12.Re1 Rd8 13.Qe2 Nd7 14.Bc4 Qg6 15.Bd3 f5 16.c3 Kh8
17.Bb5 Bf6 18.Be3 Nf8 19.Rad1 Be6 20.Nc1 f4 21.Bd2 Bh3 22.g3 Bf5 23.Rf1 e4
24.Ne1 f3 25.Qe3 Ne5 26.Kh1 Ng4 27.Qf4 Ne6  0-1

[Event "5th ch-EURw"]
[Site "Dresden GER"]
[Date "2004.03.31"]
[Round "10"]
[White "Sudakova,I"]
[Black "Aginian,N"]
[Result "1/2-1/2"]
[WhiteElo "2310"]
[BlackElo "2189"]

1.e4 e6 2.d4 d5 3.Nd2 Be7 4.e5 c5 5.Qg4 Kf8 6.dxc5 Nc6 7.Qg3 Bxc5 8.Ngf3 Nb4
9.Bd3 Nh6 10.Qf4 Nxd3+ 11.cxd3 Nf5 12.g4 Nh4 13.Nxh4 Qxh4 14.d4 Bb4 15.a3 Bxd2+
16.Bxd2 h5 17.Rc1 Qxg4 18.Qxg4 hxg4 19.Rc7 b6 20.Bb4+ Kg8 21.O-O Ba6 22.Rfc1 Bc4
23.a4 Rh3 24.Bc3 a5 25.Rb7 Ra6 26.Kg2 Rd3 27.Re1 Bb3 28.Ra1 Bd1 29.Kf1 Bc2
30.Ke2 Rh3 31.Rg1 Be4 32.Bd2 Bf3+ 33.Kd3 Rxh2 34.Be3 Rh1 35.Rxh1 Bxh1 36.Bg5 Bf3
37.Kd2 Ra8 38.Rxb6 Rc8 39.Be7 Rc4 40.Bc5 Rxa4 41.Ra6 Kh7  1/2-1/2

[Event "5th ch-EURw"]
[Site "Dresden GER"]
[Date "2004.04.01"]
[Round "11"]
[White "Bojkovic,N"]
[Black "Richards,H"]
[Result "0-1"]
[WhiteElo "2391"]
[BlackElo "2236"]

1.e4 e6 2.d4 d5 3.Nd2 Be7 4.c3 c5 5.dxc5 Nf6 6.exd5 Qxd5 7.b4 Nc6 8.Ngf3 a5
9.Bc4 Qh5 10.Rb1 e5 11.b5 Nd8 12.c6 bxc6 13.bxc6 O-O 14.Be2 e4 15.Nd4 Qg6
16.g3 e3 17.fxe3 Nd5 18.Qb3 Nxe3 19.Qb6 Bd6 20.Bf3 Rb8 21.Qxb8 Bxb8 22.Rxb8 Ne6
23.Nxe6 Qxe6 24.Kf2 Nd5 25.Rb5 Qe7 26.Kg2 Nxc3 27.Rxa5 Ne2 28.Ra3 Qe6 29.Bb2 Rd8
30.Ne4 Nd4 31.c7 Rd5 32.Re3 Qh3+ 33.Kf2 Nxf3 34.Kxf3 Rf5+ 35.Ke2 Qg2+ 36.Kd3 Qxh1  0-1

[Event "TCh-FRA Nat1 GpB"]
[Site "Montpellier FRA"]
[Date "2004.04.04"]
[Round "7"]
[White "Degraeve,JM"]
[Black "Touzane,O"]
[Result "0-1"]
[WhiteElo "2566"]
[BlackElo "2347"]

1.e4 e6 2.d4 d5 3.Nd2 Be7 4.Ngf3 Nf6 5.e5 Nfd7 6.Bd3 c5 7.c3 Nc6 8.O-O g5
9.dxc5 Nxc5 10.Bc2 g4 11.Nd4 Nxe5 12.f4 gxf3 13.N2xf3 Ng6 14.Qe2 f5 15.c4 dxc4
16.Qxc4 Qb6 17.Be3 Bd7 18.b4 Qa6 19.b5 Qa3 20.Bc1 Qa5 21.Bb2 O-O-O 22.a4 Rhg8
23.Rfc1 Kb8 24.Bc3 Qc7 25.a5 Qc8 26.Qf1 Ka8 27.Bd2 e5 28.Nb3 Qb8 29.Kh1 Ne4
30.Bxe4 fxe4 31.Ng5 Nf4 32.Bxf4 exf4 33.Nxe4 Qe5 34.Nec5 Bh3 35.Ra2 Bxc5
36.Nxc5 Qd5 37.Rac2 Rdf8 38.Qf2 Bxg2+  0-1

[Event "30th ch-BAN"]
[Site "Dhaka BAN"]
[Date "2004.04.05"]
[Round "9"]
[White "Hossain,Enam"]
[Black "Reefat,S"]
[Result "1/2-1/2"]
[WhiteElo "2446"]
[BlackElo "2459"]

1.e4 e6 2.d4 d5 3.Nd2 Be7 4.Ngf3 Nf6 5.Bd3 c5 6.e5 Nfd7 7.c3 Nc6 8.O-O g5
9.a3 Qb6 10.dxc5 Nxc5 11.Bc2 Nd7 12.Ba4 g4 13.Ne1 Ndxe5 14.Nb3 f5 15.Qe2 Nf7
16.Nd3 Qa6 17.Bxc6+ bxc6 18.Re1 O-O 19.Bf4 Re8 20.Qe3 Qb6 21.Nd4 c5 22.Nc2 Bd7
23.Ne5 Ba4 24.b3 Bxb3 25.Rab1 Bf8 26.h3 Bg7 27.hxg4 Bxc2 28.Rxb6 axb6 29.Nxf7 Kxf7
30.Be5 Bxe5 31.Qxe5 fxg4 32.Qc7+ Re7 33.Qxb6 c4 34.Qd6 Bf5 35.Re2 Raa7 36.Rb2 Red7
37.Qc5 d4 38.Rb8 dxc3 39.Rf8+ Kg7 40.Rxf5 exf5 41.Qxf5 Rac7 42.Qxg4+ Kh8
43.Qf3 Kg8 44.Qg3+ Rg7 45.Qxc3 Rc6 46.a4 h6 47.a5 Kh7 48.Kh2 Rgg6 49.g3 Rc5
50.Qa3 Rc7 51.a6 Ra7 52.Qc5 Raxa6 53.Qc7+ Rg7 54.Qxc4 Rf6 55.Qe4+ Kg8 56.Qd5+ Rgf7
57.f4 Kh7 58.Qe4+ Rg6 59.Kh3 Rg7 60.g4 Kh8 61.Qe8+ Kh7 62.Qe4 Kh8 63.Qe8+  1/2-1/2

[Event "Asian U18b"]
[Site "Tehran IRI"]
[Date "2004.04.05"]
[Round "3"]
[White "Deepan,C"]
[Black "Hassan,Ab"]
[Result "1-0"]
[WhiteElo "2331"]
[BlackElo "2361"]

1.e4 e6 2.d4 d5 3.Nd2 Be7 4.Ngf3 Nf6 5.e5 Nfd7 6.Bd3 c5 7.c3 b6 8.Qe2 a5
9.O-O Ba6 10.Bxa6 Nxa6 11.Re1 O-O 12.Nf1 Nab8 13.Ng3 Nc6 14.Be3 cxd4 15.Bxd4 Qc8
16.Rad1 Nc5 17.h4 Qd8 18.h5 h6 19.c4 Qc8 20.cxd5 exd5 21.Bxc5 bxc5 22.Rxd5 Qe6
23.Qe4 Rfd8 24.Rxd8+ Rxd8 25.Nf5 Bf8 26.a3 Rb8 27.Re2 Re8 28.Nd6 Bxd6 29.Qxc6 Bf8
30.Qxe6 Rxe6 31.Rd2 f6 32.exf6 Rxf6 33.Ne5 Re6 34.Ng6 Bd6 35.f4 c4 36.Rd5 Bc7
37.Kh2 Rb6 38.Rd7 Bd6 39.a4 Bb8 40.Kg1 Bd6 41.Kf1 Bc5 42.Ne5 Kf8 43.Rd5  1-0

[Event "6th Foxwoods Open"]
[Site "Connecticut USA"]
[Date "2004.04.08"]
[Round "2"]
[White "Fernandez,Joh"]
[Black "Formanek,E"]
[Result "1-0"]
[WhiteElo "2153"]
[BlackElo "2304"]

1.e4 e6 2.d4 d5 3.Nd2 Nc6 4.Ngf3 Nf6 5.e5 Nd7 6.Nb3 f6 7.exf6 Qxf6 8.Bg5 Qf7
9.Bb5 Bd6 10.O-O O-O 11.Bh4 e5 12.dxe5 Ncxe5 13.Ng5 Qh5 14.Qxh5  1-0

[Event "Pobeskydi Arcimpex Cup"]
[Site "Frydek Mistek CZE"]
[Date "2004.04.08"]
[Round "2"]
[White "Cernousek,L"]
[Black "Wiley,To"]
[Result "1-0"]
[WhiteElo "2369"]
[BlackElo "2274"]

1.e4 e6 2.d4 d5 3.Nd2 Be7 4.e5 c5 5.dxc5 Nc6 6.Ngf3 Bxc5 7.Nb3 Bb6 8.c3 f6
9.Bf4 fxe5 10.Bxe5 Nf6 11.Nbd4 O-O 12.Bd3 Ng4 13.Bg3 e5 14.h3 Nxf2 15.Bxf2 exd4
16.Qc2 dxc3 17.Bxh7+ Kh8 18.Bxb6 Qxb6 19.bxc3 Qe3+ 20.Kd1 Rxf3 21.Re1 Bf5
22.Bxf5 Qxc3 23.Qxc3 Rxc3 24.Rb1 b6 25.Rb2 Rd8 26.Rbe2 g5 27.Re6 Nd4 28.Rh6+ Kg7
29.Rg6+ Kf7 30.Rxg5 Kf6 31.h4 Nxf5 32.Rf1 Ke5 33.Rfxf5+ Ke4 34.h5 d4 35.h6 Rh8
36.Re5+ Kf4 37.Ref5+ Ke4 38.Rf6 Ra3 39.Re6+ Kf4 40.Rh5 Rg3 41.Rh2 Rg4 42.h7 Kg3
43.Reh6 Kf2 44.Kd2 Rg3 45.a4 Kg1 46.Ke2 Re8+ 47.Kd1 Rh8 48.Kd2 Kf2 49.Kc2 Rc8+
50.Kd2 Rh8 51.R6h3 Rxh3 52.Rxh3 Kxg2 53.Rh6 Kf3 54.Kd3 Kf4 55.Kxd4 Kg5 56.Rh1 Kg6
57.Kd5 a6 58.Re1 Rxh7 59.Re6+ Kf5 60.Rxb6 Rd7+ 61.Kc5 Ke5 62.Rxa6 Rc7+ 63.Rc6 Ra7
64.Kb5 Kd5 65.Rb6 Ra8 66.a5 Ra7 67.a6 Rc7 68.Rh6 Rc1 69.a7 Rb1+ 70.Ka6 Kc5
71.Rh5+  1-0

[Event "Pobeskydi Arcimpex Cup"]
[Site "Frydek Mistek CZE"]
[Date "2004.04.09"]
[Round "4"]
[White "Chrz,P"]
[Black "Wiley,To"]
[Result "1-0"]
[WhiteElo "2196"]
[BlackElo "2274"]

1.e4 e6 2.d4 d5 3.Nd2 Be7 4.Bd3 c5 5.exd5 Qxd5 6.Ngf3 cxd4 7.O-O Nf6 8.Re1 Nc6
9.Bc4 Qd6 10.Bb5 a6 11.Nc4 Qc7 12.Bxc6+ Qxc6 13.Nfe5 Qc5 14.b4 Qc7 15.Qxd4 b5
16.Na5 O-O 17.Bf4 Qd6 18.Qe3 Nd5 19.Qf3 Qxb4 20.c4 Nxf4 21.Nec6 Qa3 22.Nxe7+ Qxe7
23.Qxa8 Qc7 24.Qf3 bxc4 25.Re4 e5 26.Qc3 Bb7 27.Qxe5 Qxe5 28.Rxe5 Nd3 29.Re2 Bd5
30.Rc2 Rc8 31.Rd1 Be6 32.Nxc4 Nb4 33.Rb2 Nxa2 34.Rxa2  1-0

[Event "6th Foxwoods Open"]
[Site "Connecticut USA"]
[Date "2004.04.10"]
[Round "7"]
[White "Fernandez,Joh"]
[Black "Watson,J"]
[Result "1/2-1/2"]
[WhiteElo "2153"]
[BlackElo "2361"]

1.e4 e6 2.d4 d5 3.Nd2 Be7 4.Bd3 c5 5.dxc5 Nc6 6.Ngf3 Nf6 7.Qe2 a5 8.c3 O-O
9.O-O Nd7 10.Bc2 Nxc5 11.Rd1 b6 12.Nb3 Ba6 13.Qe1 Qc7 14.exd5  1/2-1/2

[Event "6th Foxwoods Open"]
[Site "Connecticut USA"]
[Date "2004.04.10"]
[Round "7"]
[White "Kujovic,M"]
[Black "Cherniack,A"]
[Result "0-1"]
[WhiteElo "2377"]
[BlackElo "2255"]

1.e4 e6 2.d4 d5 3.Nd2 Be7 4.Ngf3 Nf6 5.Bd3 c5 6.dxc5 Nxe4 7.Nxe4 dxe4 8.Bxe4 Qxd1+
9.Kxd1 Bxc5 10.Ke2 Nd7 11.Be3 Bxe3 12.Kxe3 Nc5 13.Nd2 Nxe4 14.Nxe4 Ke7 15.Rhd1 Bd7
16.c4 Bc6 17.b4 b6 18.a4 Rhc8 19.Nd2 Bxg2 20.Rg1 Bh3 21.Rxg7 Bf5 22.Rg3 a5
23.b5 Rc5 24.Ke2 Rd8 25.Raa3 h5 26.Rac3 Bg6 27.Ke1 Rd4 28.h3 Bf5 29.Nb3 Re4+  0-1

[Event "10th WDB Easter Open"]
[Site "Essen GER"]
[Date "2004.04.11"]
[Round "8"]
[White "Kummerow,H"]
[Black "Heimsoth,H"]
[Result "1/2-1/2"]
[WhiteElo "2271"]
[BlackElo "2151"]

1.e4 e6 2.d4 d5 3.Nd2 a6 4.Ngf3 c5 5.exd5 exd5 6.Be2 Nc6 7.O-O Bd6 8.dxc5 Bxc5
9.Nb3 Ba7 10.Re1 Nge7 11.c3 O-O 12.Bf4 Bg4 13.h3 Bh5 14.Qd2 f6 15.Rad1 Bf7
16.Bd3 Rc8 17.Be3 Bb8 18.Bf4 Ba7 19.Be3 Bb8  1/2-1/2

[Event "ACP Blitz Prelim1"]
[Site "playchess.com INT"]
[Date "2004.04.12"]
[Round "5"]
[White "Berry,J"]
[Black "Matveeva,S"]
[Result "0-1"]
[WhiteElo "2255"]
[BlackElo "2496"]

1.e4 e6 2.d4 d5 3.Nd2 Be7 4.Ngf3 Nf6 5.Bd3 c5 6.e5 Nfd7 7.c3 Nc6 8.O-O a5
9.Re1 cxd4 10.cxd4 Qb6 11.Qa4 Qb4 12.Bb5 Qxa4 13.Bxa4 Nb6 14.Bb5 Bd7 15.Bxc6 Bxc6
16.b3 a4 17.Bb2 Kd7 18.Rac1 axb3 19.axb3 Ra2 20.Bc3 Bb5 21.h4 h6 22.g4 Rc8
23.h5 Bd3 24.Kg2 Rc6 25.Kg3 Nc8 26.Re3 Bh7 27.Rg1 Na7 28.Ra1 Rxa1 29.Bxa1 Nb5
30.Kf4 Rc2 31.Re1 Bb4 32.Re2 Ra2 33.Nc4 Rxe2  0-1

[Event "ACP Blitz Prelim1"]
[Site "playchess.com INT"]
[Date "2004.04.12"]
[Round "7"]
[White "Timofeev,Ar"]
[Black "Bartel,Mat"]
[Result "1-0"]
[WhiteElo "2591"]
[BlackElo "2501"]

1.e4 e6 2.d4 d5 3.Nd2 Be7 4.Ngf3 Nf6 5.e5 Nfd7 6.Bd3 c5 7.c3 Nc6 8.O-O g5
9.dxc5 g4 10.Nd4 Ndxe5 11.Bb5 Bd7 12.b4 h5 13.Re1 Nxd4 14.Bxd7+ Qxd7 15.Rxe5 Nc6
16.Re1 Bf6 17.b5 Ne5 18.Nb3 Qxb5 19.Nd4 Qxc5 20.Rb1 b6 21.Bf4 Ng6 22.Qa4+ Ke7
23.Nf5+ Kd8 24.Be3 Qc7 25.Bxb6 axb6 26.Qxa8+ Kd7 27.Qa4+ Qc6 28.Qxc6+ Kxc6
29.Nd4+ Kc7 30.Nxe6+ fxe6 31.Rxe6 Bxc3 32.Rxg6 Bd4 33.Rd1 Re8 34.Kf1 Re4
35.Rg5 Kc6 36.Rxh5 Rf4 37.Rd2 Be3 38.Rc2+ Bc5 39.g3 Re4 40.h3 gxh3 41.Rxh3 d4
42.Rh4 Kd5 43.Rxe4 Kxe4 44.Re2+ Kd3 45.f4 Kc3 46.Ke1 d3 47.Rg2 Be3 48.Kd1 b5
49.g4 Bxf4 50.g5 Be5 51.g6 Bg7 52.Rf2 b4 53.Rf7 Bh6 54.Rh7 Bf8 55.g7 Bxg7
56.Rxg7 Kb2 57.Rg2+ Ka3 58.Rd2 b3 59.axb3 Kxb3 60.Rxd3+  1-0

[Event "ACP Blitz Prelim1"]
[Site "playchess.com INT"]
[Date "2004.04.12"]
[Round "9"]
[White "Timofeev,Ar"]
[Black "Moreno Carnero,J"]
[Result "1-0"]
[WhiteElo "2591"]
[BlackElo "2525"]

1.e4 e6 2.d4 d5 3.Nd2 Be7 4.Ngf3 Nf6 5.e5 Nfd7 6.Bd3 c5 7.c3 Nc6 8.O-O g5
9.dxc5 g4 10.Nd4 Ndxe5 11.Bb5 Bd7 12.b4 Nxd4 13.Bxd7+ Qxd7 14.cxd4 Nc6 15.Qxg4 Nxb4
16.Nf3 Bf6 17.Bf4 h5 18.Qg3 Nc6 19.Ne5 Bxe5 20.Bxe5 Nxe5 21.Qxe5 Ke7 22.Rab1 f6
23.Qf4 Kf7 24.Rb3 Rac8 25.Rfb1 b6 26.cxb6 axb6 27.Rxb6 Rc7 28.Re1 Rc6 29.Rxc6 Qxc6
30.Rc1 Qa4 31.Rc7+ Kg6 32.Qg3+ Kf5 33.Qd3+ Kf4 34.Qf3+ Kg5 35.Rg7+  1-0

[Event "ACP Blitz Prelim1"]
[Site "playchess.com INT"]
[Date "2004.04.12"]
[Round "13"]
[White "McShane,L"]
[Black "Bartel,Mat"]
[Result "1/2-1/2"]
[WhiteElo "2656"]
[BlackElo "2501"]

1.e4 e6 2.d4 d5 3.Nd2 Be7 4.Ngf3 Nf6 5.e5 Nfd7 6.Bd3 c5 7.c3 Nc6 8.O-O g5
9.dxc5 g4 10.Nd4 Ndxe5 11.Be2 Bxc5 12.N2b3 Bb6 13.Bxg4 Nxg4 14.Qxg4 Qf6 15.Nxc6 bxc6
16.Be3 Qg6 17.Qf4 Rg8 18.g3 Ba6 19.Rfe1 O-O-O 20.Qb4 Qg4 21.Qa3 Bb7 22.Nc5 h5
23.Nxb7 Kxb7 24.Qe7+ Bc7 25.Bd4 Rde8 26.Qb4+ Kc8 27.Bxa7 Qxb4 28.cxb4 Kd7
29.a4 Ra8 30.Bc5 h4 31.Re3 hxg3 32.hxg3 Rg4 33.Rf3 f5 34.Kg2 Bd6 35.a5 Bxc5
36.bxc5 Rc4 37.Rc3 Rb4 38.a6 Rxb2 39.Rca3 e5 40.Rh1 e4 41.Rh7+ Ke6 42.Rh6+ Ke5
43.Rxc6 d4 44.Kg1 d3 45.Rb6 Rxb6 46.cxb6 d2 47.Ra1 Rxa6 48.Rd1 Rxb6 49.Rxd2 Rb1+  1/2-1/2

[Event "ACP Blitz Prelim1"]
[Site "playchess.com INT"]
[Date "2004.04.12"]
[Round "15"]
[White "Timofeev,Ar"]
[Black "Matveeva,S"]
[Result "1/2-1/2"]
[WhiteElo "2591"]
[BlackElo "2496"]

1.e4 e6 2.d4 d5 3.Nd2 Be7 4.Ngf3 Nf6 5.e5 Nfd7 6.Bd3 c5 7.c3 Nc6 8.O-O a5
9.Re1 cxd4 10.cxd4 Qb6 11.Qe2 g5 12.h3 h5 13.Nf1 Nxd4 14.Nxd4 Qxd4 15.Ng3 g4
16.hxg4 Qxg4 17.Qc2 h4 18.Be2 Qg6 19.Qxg6 fxg6 20.Nf1 Nxe5 21.Bb5+ Nc6 22.Ne3 Bd7
23.Ng4 g5 24.Bd2 Rf8 25.Bc3 Rf4 26.f3 h3 27.Re2 hxg2 28.Kxg2 O-O-O 29.Rc1 Bb4
30.Be5 Rf5 31.a3 Be7 32.Bg3 Rdf8 33.Ne5 Kd8 34.Bxc6 bxc6 35.Nxc6+ Ke8 36.Ne5 Bd6
37.Ng6 R8f6 38.Bxd6 Rxg6 39.Rc7 g4 40.f4 g3 41.Re3 d4 42.Rd3 Rb5 43.b4 axb4
44.axb4 Rd5 45.Be5 Bb5 46.Rxd4 Rxd4 47.Bxd4 Bd3 48.Rc8+  1/2-1/2

[Event "ACP Blitz Prelim2"]
[Site "playchess.com INT"]
[Date "2004.04.13"]
[Round "10"]
[White "Sagalchik,G"]
[Black "Glek,I"]
[Result "0-1"]
[WhiteElo "2487"]
[BlackElo "2571"]

1.d4 e6 2.e4 d5 3.Nd2 Be7 4.Ngf3 Nf6 5.Bd3 c5 6.e5 Nfd7 7.c3 Nc6 8.O-O h5
9.Re1 cxd4 10.cxd4 g5 11.Nb3 a5 12.a4 g4 13.Nfd2 Nb6 14.Nf1 Nb4 15.Bb5+ Bd7
16.Ne3 Bxb5 17.axb5 Nd7 18.f3 a4 19.Nd2 Qb6 20.Ndf1 gxf3 21.Qxf3 Qxd4 22.Rd1 Qxe5
23.Bd2 Qe4 24.Qh3 Nd3 25.Bc3 Nf4 26.Qg3 Ne2+ 27.Kh1 Nxg3+ 28.hxg3 Bf6  0-1

[Event "2nd Nabokov Mem"]
[Site "Kiev UKR"]
[Date "2004.04.15"]
[Round "4"]
[White "Solomaha,A"]
[Black "Kochetkov,Vit"]
[Result "0-1"]
[WhiteElo "2384"]
[BlackElo "2356"]

1.e4 e6 2.d4 d5 3.Nd2 a6 4.Ngf3 c5 5.exd5 exd5 6.dxc5 Bxc5 7.Nb3 Bb6 8.Nfd4 Ne7
9.Be2 O-O 10.O-O Nbc6 11.c3 Ng6 12.Be3 Nce5 13.Nc2 Bc7 14.Nb4 Qd6 15.f4 Rd8
16.Bc5 Bb6 17.Bxb6 Qxb6+ 18.Qd4 Qxd4+ 19.Nxd4 a5 20.Nbc2 Nc6 21.Rad1 Kf8
22.g3 Bh3 23.Rf2 Nxd4 24.Nxd4 Bd7 25.Bf3 Ne7 26.Rfd2 Rac8 27.Kf2 b6 28.Re1 Rc7
29.Nc2 Be6 30.Nd4 Bc8 31.h4 h6 32.Re5 Bb7 33.Bg4 Nc6 34.Nxc6 Bxc6 35.Rd4 Re7
36.Rxe7 Kxe7 37.Bf3 Kd6 38.g4 f6 39.Rd1 Kc5 40.f5 Re8 41.Kg3 Re5 42.Kf4 b5
43.Rb1 b4 44.cxb4+ axb4 45.Rc1+ Kd6 46.Rc2 Bd7 47.Rg2 Bb5 48.Rd2 Bc4 49.b3 Bb5
50.Rd4 Kc5 51.Rd2 Bf1 52.Rf2 Bd3 53.Bd1 Kd4 54.a3 Re4+ 55.Kg3 Re1 56.Bf3 bxa3
57.Ra2 Be4 58.Bxe4 dxe4 59.Rxa3 Re3+ 60.Kg2 Ke5 61.Ra7 Kf4 62.Rxg7 Rxb3 63.Rg6 Rb2+
64.Kg1 Kg3 65.Kf1 Kf3 66.Kg1 Rg2+ 67.Kh1 Rxg4 68.Rxf6 e3 69.Re6 Kf2  0-1

[Event "ACP Blitz Prelim4"]
[Site "playchess.com INT"]
[Date "2004.04.15"]
[Round "12"]
[White "Svidler,P"]
[Black "Lputian,S"]
[Result "0-1"]
[WhiteElo "2733"]
[BlackElo "2634"]

1.e4 e6 2.d4 d5 3.Nd2 Be7 4.e5 c5 5.Qg4 g6 6.dxc5 Nd7 7.Ndf3 Nxc5 8.Bd3 Qa5+
9.Bd2 Qb6 10.b4 Nxd3+ 11.cxd3 Bd7 12.a4 h5 13.Qd4 Nh6 14.Ne2 Nf5 15.Qb2 O-O
16.O-O Rfc8 17.h3 Qa6 18.b5 Qb6 19.Ned4 Bc5 20.Nxf5 exf5 21.a5 Qxb5 22.Rfb1 Qxb2
23.Rxb2 Bc6 24.Be3 b6 25.d4 Be7 26.axb6 axb6 27.Rxa8 Rxa8 28.Rxb6 Rc8 29.Bg5 Bf8
30.e6 fxe6 31.Ne5 Be8 32.Rxe6 Kh7 33.Ra6 Bg7 34.Bf6 Bxf6 35.Rxf6 Kg7 36.Rd6 Bf7
37.Rd7 Rf8 38.h4 f4 39.Rb7 Kg8 40.Kf1 Be8 41.Ke2 Rf6 42.Kf3 Kf8 43.Rc7 Ba4
44.Rc5 Bd1+  0-1

[Event "ACP Blitz Final"]
[Site "playchess.com INT"]
[Date "2004.04.17"]
[Round "2.2"]
[White "Kobalia,M"]
[Black "Kiriakov,P"]
[Result "1-0"]
[WhiteElo "2630"]
[BlackElo "2568"]

1.e4 e6 2.d4 d5 3.Nd2 a6 4.Ngf3 c5 5.exd5 exd5 6.Be2 c4 7.O-O Bd6 8.Re1 Ne7
9.b3 cxb3 10.axb3 O-O 11.Nf1 Nbc6 12.Ng3 h6 13.c3 Be6 14.Bd3 Qc7 15.Bc2 Bxg3
16.hxg3 Bf5 17.Bxf5 Nxf5 18.Qd3 Qd7 19.Ne5 Nxe5 20.Rxe5 Ne7 21.Ba3 Rfe8 22.Bxe7 Rxe7
23.Ra5 Rxe5 24.dxe5 Rd8 25.Qd4 h5 26.b4 g6 27.Kh2 Qe6 28.c4 Re8 29.Rxd5 Qf5
30.Rd7 b5 31.cxb5 axb5 32.Rd5 Rb8 33.f3 Qe6 34.Rd6 Qc4 35.Qd2 Re8 36.Rd5 Kg7
37.Rc5 Qf1 38.Qd4 Re6 39.Rc7 h4 40.Qxh4 Qe2 41.Qf4 Qxe5 42.Qxf7+ Kh6 43.Qh7+ Kg5
44.f4+  1-0

[Event "TCh-RUS w"]
[Site "Sochi RUS"]
[Date "2004.04.20"]
[Round "1"]
[White "Kineva,E"]
[Black "Mkrtchian,L"]
[Result "0-1"]
[WhiteElo "2146"]
[BlackElo "2387"]

1.e4 e6 2.d4 d5 3.Nd2 Be7 4.Bd3 c5 5.dxc5 Nf6 6.exd5 Nxd5 7.Nb3 Nd7 8.Qg4 Bf6
9.Nf3 a5 10.O-O a4 11.c6 bxc6 12.Nbd4 Bb7 13.Re1 Nc5 14.Nf5 O-O 15.Ng3 a3
16.Ne5 Qc7 17.Qh5 Nxd3 18.Nxd3 c5 19.Ne4 c4 20.Nxf6+ Nxf6 21.Qc5 Rfc8 22.Qxc7 Rxc7
23.Ne5 axb2 24.Bxb2 c3 25.Bc1 Be4 26.Re2 Rc5 27.f4 h5 28.Nd7 Nxd7 29.Rxe4 Nf6
30.Rd4 Rd5 31.Be3 Rda5 32.a4 Nd5 33.Re4 Nxe3 34.Rxe3 Rxa4 35.Rxa4 Rxa4 36.Rxc3 Rxf4
37.g3 Rf5 38.Rc8+ Kh7 39.c4 Kg6 40.Rd8 Rc5 41.Rd4 e5 42.Re4 f5 43.Re1 Kf6
44.Rc1 g5 45.Kf2 e4 46.Ke3 Ke5 47.Ra1 f4+ 48.gxf4+ gxf4+ 49.Ke2 Rxc4 50.Ra5+ Kd4
51.Rxh5 f3+ 52.Kf2 Rc2+ 53.Kg3 Rg2+ 54.Kh3 Rg1 55.Rf5 Ke3  0-1

[Event "TCh-RUS w"]
[Site "Sochi RUS"]
[Date "2004.04.21"]
[Round "2"]
[White "Meshcheriakova,E"]
[Black "Mkrtchian,L"]
[Result "0-1"]
[WhiteElo "2206"]
[BlackElo "2387"]

1.e4 e6 2.d4 d5 3.Nd2 Be7 4.Ngf3 Nf6 5.exd5 exd5 6.Bd3 Bg4 7.O-O O-O 8.h3 Bh5
9.Re1 c5 10.dxc5 Bxc5 11.Nb3 Bb6 12.Be3 Nc6 13.Bxb6 Qxb6 14.Be2 Rfe8 15.c3 a5
16.Nfd4 Bxe2 17.Rxe2 a4 18.Nxc6 bxc6 19.Rxe8+ Rxe8 20.Qd4 Qxd4 21.Nxd4 c5
22.Nc2 Re2 23.Rc1 Rd2 24.f3 c4 25.Kh2 g6 26.h4 Kg7 27.Kg1 Nh5 28.Ne3 Rxb2
29.Nxd5 Rxa2 30.Kh2 a3 31.Kh3 Rd2 32.Ne3 Nf4+ 33.Kg4 Nd3 34.Ra1 a2 35.Kg3 Ne5
36.f4 Nc6 37.Kf3 Na5 38.Ke4 Nb3 39.Nxc4 Re2+  0-1